000 00310nam a22001457a 4500
008 230913b ||||| |||| 00| 0 eng d
020 _a9780684851860
041 _aeng
080 _a521
082 _a521LIN
100 _a19
101 _aASTRO
245 _aBOLTZMANN'S ATOM
_cLINDLEY.D
942 _2udc
_cBK
999 _c60352
_d60352